Catálogo
 En Linea

Madrid en la novela / (Registro nro. 17479)

Detalles MARC
000 -CABECERA
campo de control de longitud fija 00611cam a2200193 a 4500
001 - NÚMERO DE CONTROL
campo de control 000017955
005 - FECHA Y HORA DE LA ÚLTIMA TRANSACCIÓN
campo de control 20200929165307.0
008 - DATOS DE LONGITUD FIJA--INFORMACIÓN GENERAL
campo de control de longitud fija 931008m19931997sp a b l000 1 spa c
020 ## - NÚMERO INTERNACIONAL ESTÁNDAR DEL LIBRO
Número Internacional Estándar del Libro 8445106937
040 ## - FUENTE DE LA CATALOGACIÓN
Centro catalogador/agencia de origen DO-SdBNP
Lengua de catalogación spa
Centro/agencia transcriptor BNPHU
082 ## - NÚMERO DE LA CLASIFICACIÓN DECIMAL DEWEY
Número de clasificación xxxx
Número de documento/Ítem M183
245 00 - MENCIÓN DE TÍTULO
Título Madrid en la novela /
Mención de responsabilidad, etc. estudio y seleccion de Joquín Álvarez Barrientos.
260 ## - PUBLICACIÓN, DISTRIBUCIÓN, ETC.
Lugar de publicación, distribución, etc. Madrid :
Nombre del editor, distribuidor, etc. Comunidad de Madrid,
Fecha de publicación, distribución, etc. c1993.
300 ## - DESCRIPCIÓN FÍSICA
Extensión v. :
Otras características físicas il. ;
Dimensiones 25 cm.
490 1# - MENCIÓN DE SERIE
Mención de serie Madrid en la literatura
500 ## - NOTA GENERAL
Nota general La biblioteca posee el volumen 2
504 ## - NOTA DE BIBLIOGRAFÍA, ETC.
Nota de bibliografía, etc. Bibliografía : p. 291-293
830 #0 - PUNTO DE ACCESO ADICIONAL DE SERIE-TÍTULO UNIFORME
Título uniforme Madrid en la literatura
9 (RLIN) 38936
Existencias
Estado de retiro Estado de pérdida Restricciones de uso No para préstamo Código de colección Localización permanente Ubicación/localización actual Ubicación en estantería Fecha de adquisición Número de inventario Total de préstamos Signatura topográfica completa Código de barras Fecha visto por última vez Precio válido a partir de Tipo de ítem Koha
      Excluido de préstamo Monografías: Libros y Folletos General General En catalogación 07.04.2010 LF1   xxxx M183 17955-10 25.06.2020 25.06.2020 No se presta

Con tecnología Koha